|
|
|
|
| LEADER |
00000cam a2200000 4500 |
| 003 |
UAHC |
| 005 |
20190731064557.0 |
| 008 |
181005s2016 mx |||| |||| 00| 0 spa d |
| 952 |
|
|
|0 0
|1 0
|2 ddc
|4 0
|6 344_041920000000000_ABO
|7 0
|8 COMP
|9 90731
|a BC
|b BC
|c General
|d 2018-10-08
|e Compra
|g 9540.00
|l 0
|o 344.04192 ABO
|p 1461321
|r 2026-01-13 00:00:00
|t c.1
|v 9540.00
|w 2018-10-08
|x OC:2132 / Factura: 11425
|y BK
|
| 999 |
|
|
|c 51068
|d 51068
|
| 020 |
|
|
|a 9786071641281
|
| 035 |
|
|
|a CENTRAL
|
| 040 |
|
|
|a UAHC_CL
|c UAHC_CL
|d UAHC_CL
|
| 082 |
|
|
|2 21
|a 344.04192
|b A154
|
| 245 |
|
|
|a El aborto en el derecho transnacional:
|b casos y controversias
|c Edición de Rebecca J. Cook / Joanna N. Erdman / Bernard M. Dickens.
|
| 260 |
|
|
|a México:
|b Fondo de Cultura Económica,
|b Centro de Investigación y Docencia Económicas,
|c 2016.
|
| 300 |
|
|
|a 506 p.
|
| 440 |
|
|
|9 313
|a Política y derecho
|
| 520 |
|
|
|a Compilación de ensayos de especialistas en el tema que muestra la evolución del debate jurídico y judicial del aborto, desde una perspectiva del derecho transnacional durante el siglo XX y XXI. Integrados en cuatro grandes temáticas -los principios constitucionales y regímenes normativos; la justicia procedimental y el acceso libre; el encuadre argumentativo y demanda de los derechos; y las narrativas y significados sociales-, cada ensayo analiza y expone temas que van desde problemas de acceso, derechos humanos y justicia, hasta los relacionados con las construcciones sociales de género, sexualidad y maternidad, entre otros, a través de distintos procesos legales y regímenes jurídicos. En cada capítulo se sigue la evolución de la legislación sobre el aborto en un país específico y se invita al lector a considerar diferentes puntos de vista en relación con el tratamiento jurídico de la salud reproductiva y sexual de la mujer en la sociedad contemporánea.
|
| 526 |
|
|
|a Colección de Género y Sexualidades
|
| 650 |
|
0 |
|9 5164
|a Aborto
|v Legislación
|
| 650 |
|
0 |
|9 5166
|a Aborto (Derecho)
|
| 650 |
|
0 |
|9 5165
|a Aborto
|x Aspectos sociales
|
| 700 |
|
|
|a Cook, Rebecca J.
|e ed.
|9 5167
|
| 700 |
|
|
|9 5168
|a Erdman, Joanna N.
|e ed.
|
| 700 |
|
|
|9 5169
|a Dickens, Bernard M.
|e ed.
|
| 942 |
|
|
|2 ddc
|c BK
|